000 00398nam a22001697a 4500
003 MPLRDC
005 20220104153038.0
008 210129b ||||| |||| 00| 0 eng d
082 _a293.26 ZWX c.3*
100 _a钟文训编译
245 _a血型.脸型.爱情
_c
260 _a
_b蓝天书屋
_c
300 _b
490 _a生活书房; 31
650 _a
942 _cBK
_o293.26 ZWX c.3*
999 _c53223
_d53213